000 00761nam a2200241 a 4500
001 55238
003 BD-RjUL
005 20211209080234.0
008 161115s1957 enk||||| |||| 00| 0 eng d
035 _a(BD-RjUL)55360
040 _aBD-RjUL
_beng
_cBD-RjUL
041 _aeng
082 _223
_a882.01
_bAEA 1957
100 _a Aeschylus
_9164570
245 _a Aeschylu's Agamemnon /
_cAeschylus; John Dewar Denniston and Denys Page
260 _aOxford :
_bAt the clarendon press,
_c1957.
300 _axxxix, 240 p. ;
_c17 cm.
600 _aAeschylus.
_t
_9164575
650 _a Agamemnon
_vDrama.
_x King of Mycenae (Mythological character)
_9164572
700 _aDenniston , John Dewar
_9164573
700 _aPage, Denys
_9164574
942 _2ddc
_cBK
999 _c55238
_d55238